Statistical Summary of Thailand 1985

Salvato in:
Dettagli Bibliografici
Natura: Libro
Lingua:inglese
Pubblicazione: Bangkok National Statistical Office 1985
Tags: Aggiungi Tag
Nessun Tag, puoi essere il primo ad aggiungerne!!

MARC

LEADER 00000nam a2200000 4500
001 c105204
005 20221220082344.8
041 0 |a eng 
044 |a TH 
245 1 0 |a Statistical Summary of Thailand 1985 
264 1 |a Bangkok  |b National Statistical Office  |c 1985 
300 |a 83 s.